| 000 | 00587cab a2200217 4500 | ||
|---|---|---|---|
| 001 | X93693 | ||
| 008 | 090401t1999 xxu||||| |||| 00| 0 eng d | ||
| 035 | _a(Sirsi) u93693 | ||
| 041 | _aeng | ||
| 100 | _aBishop, D. | ||
| 245 | _aIndustry must learn from the Ramsgate walkway collapse | ||
| 260 | _c1999 | ||
| 350 | _a0 | ||
| 490 |
_aCSM _bChartered Surveyor Monthly _v8(8) April 1999, 44-45(2) |
||
| 650 | _aCONSTRUCTION INDUSTRY | ||
| 650 | _aHSE INQUIRY | ||
| 650 | _aPORT OF RAMSGATE | ||
| 690 | _aBUILT ENVIRONMENT-BUILDING STANDARDS | ||
| 942 | _n0 | ||
| 948 | _c02/06/1999 | ||
| 999 |
_c59387 _d59387 |
||